What are these logos? - Statistics

General Stats
  • This quiz has been taken 50 times
  • The average score is 10 of 12
Answer Stats
Picture Answer % Correct
nike
100%
mcdonalds
98%
spotify
98%
starbucks
98%
apple
95%
monster
93%
google maps
83%
hbo max
83%
national geographic
78%
excel
76%
goldfish
63%
tostitos
56%
No matching quizzes found
Score Distribution
Percent of People with Each Score
Percentile by Number Answered
Your Score History
You have not taken this quiz